Investigación operativa /
Guardado en:
| Autor Principal: | |
|---|---|
| Autor Corporativo: | |
| Otros Autores: | |
| Formato: | Libro |
| Idioma: | Spanish |
| Publicado: |
Bahía Blanca :
[s.n.],
1980.
|
| Etiquetas: |
Agregar Etiqueta
Sin Etiquetas, Sea el primero en etiquetar este registro!
|
| LEADER | 00761nam a22001815a 4500 | ||
|---|---|---|---|
| 001 | MAT.inmabb006635 | ||
| 008 | 120813s1980####ag#a##########000#0#spa#d | ||
| 005 | 20120813160201.0 | ||
| 245 | 1 | 0 | |a Investigación operativa / |c Gerardo Sylvester, Nélida Moretto de Donato. |
| 260 | |a Bahía Blanca : |b [s.n.], |c 1980. | ||
| 300 | |a 2 v. : |b il. ; |c 23 cm. | ||
| 500 | |a Publicación del Grupo de Estudio-Trabajo Carlos Dieulefait, del Departamento de Ciencias Exactas de la Universidad Nacional del Sur. | ||
| 100 | 1 | |a Sylvester, Gerardo A. | |
| 700 | 1 | |a Moretto de Donato, Nélida. | |
| 710 | 2 | |a Grupo de Estudio Trabajo Carlos Dieulefait. | |
| 084 | |a 90-01 |2 msc2000 | ||
| 859 | |h 90 |i Sy985 |p A-5135 |v 1 |3 Tomo I |b BIB. MATEMATICA | ||
| 859 | |h 90 |i Sy985 |p A-5136 |v 2 |3 Tomo II |b BIB. MATEMATICA | ||
